000 01205nam a2200337 a 4500
001 847
003 BD-RjUL
005 20211208233234.0
008 131123u1938uuuudcuar p a f0 a0eng
035 _a(OCoLC)ocm33231939 869
040 _aDLC
_cOCoLC
_dDLC
_dOCoLC
_dBD-RjUL
_beng
041 _aeng
082 1 0 _a027
_211
_bANN 1966
110 2 _aLibrary of Congress.
_9116028
245 1 0 _aAnnual report of the Librarian of Congress for the fiscal year ending June 30, 1965 /
_cLibrary of Congress
246 1 0 _aAnnual report of the Librarian of Congress for the fiscal year ending ...
250 _a[Departmental ed.]
260 _aWashington :
_bU.S. G.P.O.,
_c1966.
265 _aSupt. of Docs., U.S. Govt. Print. Off., Washington, D.C. 20402
300 _axv, 177 p. :
_bill. ;
_c27 cm.
500 _aTitle varies slightly.
515 _aReports for 1938-19 end June 30; <1981-> end Sept. 30.
610 2 0 _aLibrary of Congress
_9116028
650 0 _aLibraries
_zUnited States
_vPeriodicals.
_92519
650 2 _aLibraries
_zUnited States
_vPeriodicals.
_92520
942 _2ddc
_cBK
999 _c847
_d847